| 000 | 00499nam a2200169Ia 4500 | ||
|---|---|---|---|
| 008 | 181130s2017 xx 000 0 und d | ||
| 100 | _aKaur, Hardeep | ||
| 245 | _aProfiling psychological problems among women prisoners in central jail Patiala (Punjab) | ||
| 260 | _c2017 | ||
| 300 | _ap.114-123. | ||
| 504 | _dOct-Dec | ||
| 650 | _aWomen prisoners | ||
| 650 | _aWomen prisoners - India - Patiala | ||
| 700 | _aKaur, Deep | ||
| 773 | _aIndian Police Journal | ||
| 906 | _aWomen prisoners | ||
| 999 |
_c506622 _d506622 |
||